Orientácia spotrebiteľa pri posudzovaní kvality výrobkov

Súbor vlastností, ktorý určuje kvalitu potravinárskych výrobkov. Vlastnosti, ktoré môže spotrebiteľ posúdiť sám a vlastnosti, ktoré nie sú spotrebiteľovi dostupné. Pri ochrane spotrebiteľa treba zabezpečiť: 1.väčšiu a pravdivú informovanosť spotrebiteľov, 2.základné vedomosti spotrebiteľa o svojich...

Descrizione completa

Salvato in:
Dettagli Bibliografici
Autore principale: Lacková, Alica
Altri autori: Horváthová, Zuzana
Natura: Capitolo di libro
Lingua:slovacco
Soggetti:
Tags: Aggiungi Tag
Nessun Tag, puoi essere il primo ad aggiungerne!!

MARC

LEADER 00000naa a2200000 4500
001 r014391
005 20221214064705.6
041 0 |a slo 
044 |a SK 
245 1 0 |a Orientácia spotrebiteľa pri posudzovaní kvality výrobkov  |c Alica Lacková, Zuzana Horváthová 
520 |a Súbor vlastností, ktorý určuje kvalitu potravinárskych výrobkov. Vlastnosti, ktoré môže spotrebiteľ posúdiť sám a vlastnosti, ktoré nie sú spotrebiteľovi dostupné. Pri ochrane spotrebiteľa treba zabezpečiť: 1.väčšiu a pravdivú informovanosť spotrebiteľov, 2.základné vedomosti spotrebiteľa o svojich právach a 3.možnosť zoznámiť sa s výsledkami testovania výrobkov. 
610 2 0 |a kvalita výrobkov 
610 2 0 |a ochrana spotrebiteľa 
610 2 0 |a potraviny 
100 1 |a Lacková, Alica 
700 1 |a Horváthová, Zuzana